[Event "RSA-chT U18"]
[Site "Cape Town"]
[Date "2016.01.06"]
[Round "5.3"]
[White "Le Grange, Brent Austin"]
[Black "Samuel, Caleb"]
[Result "0-1"]
[WhiteElo "1448"]
[BlackElo "1688"]
[PlyCount "32"]
[EventDate "2016.01.04"]
[EventType "team-tourn"]
[EventRounds "7"]
[EventCountry "RSA"]
[SourceTitle "CBM 170 Extra"]
[Source "ChessBase"]
[SourceDate "2016.02.25"]
[SourceVersion "1"]
[SourceVersionDate "2016.02.25"]
[SourceQuality "1"]
[WhiteTeam "Nelson Mandela Bay"]
[BlackTeam "Western Province"]
[WhiteTeamCountry "RSA"]
[BlackTeamCountry "RSA"]

1. d4 f5 2. c4 e6 3. Nc3 Bb4 4. Bd2 Nf6 5. e3 0-0 6. Bd3 b6 7. Nf3 Bb7 8. 0-0 Bxc3 9. Bxc3 Ne4 10. Qe2 d6 11. Rad1 Nd7 12. Bc2 Ndf6 13. Rd3 Qe8 14. b4 Qh5 15. Bb2 Ng5 16. Bd1 Ng4 0-1

[Event "RSA-ch U20"]
[Site "Waterkloof"]
[Date "2015.04.08"]
[Round "8"]
[White "Le Grange, Brent Austin"]
[Black "Ebersohn, Raymond Gerhard"]
[Result "1/2-1/2"]
[WhiteElo "1454"]
[BlackElo "1775"]
[PlyCount "92"]
[EventDate "2015.04.04"]
[EventType "swiss"]
[EventRounds "9"]
[EventCountry "RSA"]
[SourceTitle "CBM 166 Extra"]
[Source "ChessBase"]
[SourceDate "2015.06.18"]
[SourceVersion "1"]
[SourceVersionDate "2015.06.18"]
[SourceQuality "1"]

1. d4 g6 2. c4 Bg7 3. Nf3 d6 4. g3 Nd7 5. Bg2 e5 6. dxe5 dxe5 7. Nc3 c6 8. 0-0 Ngf6 9. Qc2 0-0 10. Rd1 Qc7 11. e4 Nc5 12. Be3 Ne6 13. h3 Re8 14. Rac1 Bf8 15. a3 Bc5 16. Bxc5 Nxc5 17. b4 Ne6 18. Rd2 Bd7 19. Rcd1 Rad8 20. Rd3 Bc8 21. R1d2 Rxd3 22. Rxd3 Rd8 23. Rxd8+ Nxd8 24. Qd2 Ne6 25. Qd3 Kg7 26. Kh2 h6 27. Nd2 b6 28. Nb3 Qd7 29. Qxd7 Bxd7 30. Na4 c5 31. Nc3 Nd4 32. Nd2 cxb4 33. axb4 Nc2 34. b5 Nb4 35. Nd5 Nfxd5 36. exd5 a5 37. bxa6 Nxa6 38. Ne4 f6 39. h4 Kf7 40. Kg1 Ke7 41. Kf1 f5 42. Nc3 Kd6 43. Ke1 Nc7 44. Kd2 b5 45. cxb5 Bxb5 46. Nxb5+ Nxb5 1/2-1/2